駅メモ 淡路島からチェックインできる駅 - Statistics

General Stats
  • This quiz has been taken 16 times
  • The average score is 9 of 13
Answer Stats
Answer % Correct
舞子
94%
鳴門
94%
山陽明石
88%
加太
88%
林崎松江海岸
81%
朝霧
75%
西舞子
69%
人丸前
69%
大蔵谷
63%
西新町
63%
藤江
56%
霞ヶ丘
44%
江井ヶ島
38%
No matching quizzes found
Score Distribution
Percent of People with Each Score
Percentile by Number Answered
Your Score History
You have not taken this quiz